000 01090cam a2200157 4500500
005 20260208001412.0
041 _afre
042 _adc
100 1 0 _aGoldman, Oury
_eauthor
245 0 0 _aDéchiffrer les guerres de religion Thierry Amalou, La Sorbonne entre en guerre de religion, Autorité universitaire, censure et pouvoir royal en France (vers 1551 – vers 1589), Droz, « Travaux d’humanisme et Renaissance », 2024, 592 pages, 75 €. Denis Crouzet, Paris criminel, 1572, Les Belles Lettres, 2024, 378 pages, 25 €. Jérémie Foa, Survivre, Une autre histoire des guerres de religion, Seuil, « L’univers historique », 2024, 352 pages, 23 €.
260 _c2026.
500 _a55
520 _aEva Jospin nous convie à un voyage vers l’universel dans l’art : l’exploration fascinante de ses grottes présentées au Grand Palais invite à la recherche des convergences humaines.
786 0 _nÉtudes | 4334 | 2 | 2026-01-26 | p. 119-120 | 0014-1941
856 4 1 _uhttps://shs.cairn.info/revue-etudes-2026-2-page-119?lang=fr&redirect-ssocas=7080
999 _c1644826
_d1644826